Normal view
MARC view
- Bourdieu, Pierre,
Entry Personal Name
001 - CONTROL NUMBER
- control field: 41847
003 - CONTROL NUMBER IDENTIFIER
- control field: DLC
005 - DATE AND TIME OF LATEST TRANSACTION
- control field: 20181030130454.0
008 - FIXED-LENGTH DATA ELEMENTS
- fixed length control field: 790308n| azannaabn |a aaa
010 ## - LIBRARY OF CONGRESS CONTROL NUMBER
- LC control number: n 79018166
035 ## - SYSTEM CONTROL NUMBER
- System control number: (OCoLC)oca00252020
040 ## - CATALOGING SOURCE
- Original cataloging agency: DLC
- Language of cataloging: eng
- Transcribing agency: DLC
- Description conventions: rda
- Modifying agency: InU
- Modifying agency: DLC
- Modifying agency: OCl
- Modifying agency: SG-SiILA
- Modifying agency: ICU
- Modifying agency: DLC
- Modifying agency: EG-ScBUE
100 1# - HEADING--PERSONAL NAME
- Personal name: Bourdieu, Pierre,
- Dates associated with a name: 1930-2002
400 1# - SEE FROM TRACING--PERSONAL NAME
- Personal name: Burdʹe, Pʹer,
- Dates associated with a name: 1930-2002
400 1# - SEE FROM TRACING--PERSONAL NAME
- Personal name: Burdʹe, P.
- Fuller form of name: (Pʹer),
- Dates associated with a name: 1930-2002
400 1# - SEE FROM TRACING--PERSONAL NAME
- Personal name: Bourdieu, P.
- Fuller form of name: (Pierre),
- Dates associated with a name: 1930-2002
400 1# - SEE FROM TRACING--PERSONAL NAME
- Personal name: Pūrtiyu, Piyar,
- Dates associated with a name: 1930-2002
670 ## - SOURCE DATA FOUND
- Source citation: His Sociologie de l'Algérie, 1958.
670 ## - SOURCE DATA FOUND
- Source citation: Sot︠s︡iologii︠a︡ politiki, 1993:
- Information found: t.p. (Pʹer Burdʹe) CIP data (Burdʹe, P.)
670 ## - SOURCE DATA FOUND
- Source citation: Koinōnia, dikaio, ēthikē, 1993:
- Information found: t.p. (P. Bourdieu) p. 125 (Pierre Bourdieu; b. 1930)
670 ## - SOURCE DATA FOUND
- Source citation: New York times, Jan. 25, 2002:
- Information found: obituaries (Pierre Bourdieu; French sociologist and globalization critic; b. Aug. 1, 1930 in Denguin [France]; d. Jan. 23, 2002 in Paris)
670 ## - SOURCE DATA FOUND
- Source citation: Tolaikkāṭci : oru kaṇṇōṭṭam, 2004:
- Information found: t.p. (Piyar Pūrtiyu)